000 01669nam a2200409 c 4500
700 _aБаева, Надя Димитрова
_eпрев. от англ.
_9383768
999 _c334395
_d334395
003 BLK
005 20250620181614.0
008 180410b bul|||||r ||||||| ||bul||
010 _aKNG00169317000
020 _a9786190203810
040 _aBLK
041 _aBUL
_cBUL
072 7 _2bullib
_aН83
_xЧужда художествена литература Н
080 _aАнглийска литература
_b821.111
_x-312.4
_z821.111-312.4
100 _aГалбрейт, Робърт
_gРоулинг, Джоан К.
_9330896
139 _aГалбрейт, Робърт
_bГ 18
245 1 0 _aСмъртоносно бяло
_bПоредното разследване на детектив Корморан Страйк
_cРобърт Галбрейт; прев. от англ. Надя Баева.
257 _aGBR
260 _bКолибри
_c2019
_fИнвестпрес
300 _a688 с.
_c22 см
380 _aX
490 _aПоредното разследване на детектив Корморан Страйк
500 _aОриг. загл. LETHAL WHITE/ Robert Galbraith. - Робърт Галбрейт е псевд. на Джоан К. Роулинг.
653 _aкрими
653 _aромани
659 _aН
852 _aЦб 272086
856 4 _qpdf
856 4 _qpdf
942 _cKNG
_n0
_079
_s1
944 _aCR
_c09.01.2015
_lЦветелина Шанова
_k30531
944 _aED
_c24.02.2017
_lф /
_kЛюдмила_Стоянова
999 _d334395
999 _d334395
999 _d161955